| 000 | 00895nam a2200253 a 4500 | ||
|---|---|---|---|
| 001 | BRCA_5225 | ||
| 005 | 20190320205006.0 | ||
| 008 | 261110s1949----u--a######---#000-0#eng-# | ||
| 041 | _aeng | ||
| 044 | _au | ||
| 050 | 4 |
_aNC285 _b.G66 1949 |
|
| 100 | 1 |
_aGómez Sicre, José _913377 |
|
| 245 | 1 | 0 |
_aSpanish drawings XV-XIX centuries _cJosé Gómez Sicre ; edited by Tana de Gámez Losada ; designed by Daniel Stone. |
| 260 |
_aEstados Unidos _bHyperion _c1949 |
||
| 300 |
_a100 p. _bil., mapas _c25 cm. |
||
| 440 | 0 |
_aThe hyperion drawing series _913378 |
|
| 500 | _aFoto fascímiles por Giraudon Anderson W.F. Mansell Alinari y ´The Hispanic Society of America´, antiguos mapas de ´New York Public Library´ | ||
| 500 | _aE58 | ||
| 650 | 1 | 4 |
_aDibujos españoles _913379 |
| 700 | 1 |
_aGámez Losada, Tana _eed. _913380 |
|
| 700 | 1 |
_aStone, Daniel _913381 |
|
| 902 | _aGFM | ||
| 942 |
_2lcc _cB |
||
| 999 |
_c4919 _d4919 |
||